Captain Blood returns /

Bibliographic Details
Main Author: Sabatini, Rafael, 1875-1950
Format: Book
Language:English
Published: Mattituck, N.Y. : American Reprint Co., 1976

MARC

Tag First Indicator Second Indicator Subfields
LEADER 00000cam a2200000 a 4500
001 in00000017281
005 20151007053432.0
008 841011r19761931nyu 00011 eng d
020 |a 0891907424 
035 |a (OCoLC)11253531 
035 |9 AAB1641AM 
040 |a CXP  |c CXP  |d m/c  |d TXA  |d UtOrBLW 
049 |a TXAM  |c [A12611123] 
050 4 |a PR6037.A32  |b C36 1976 
100 1 |a Sabatini, Rafael,  |d 1875-1950. 
245 1 0 |a Captain Blood returns /  |c by Rafael Sabatini. 
264 1 |a Mattituck, N.Y. :  |b American Reprint Co.,  |c 1976 
264 4 |c ©1931 
300 |a 296 pages ;  |c 23 cm. 
336 |a text  |b txt  |2 rdacontent 
337 |a unmediated  |b n  |2 rdamedia 
338 |a volume  |b nc  |2 rdacarrier 
500 |a Reprint. Originally published in 1931. 
999 |a MARS 
999 f f |s 5472c184-b171-3b90-9d02-9fc1b6af4307  |i d65cb56c-be9a-3ae0-a190-8bd4cb46b1e6  |t 0 
952 f f |p normal  |a Texas A&M University  |b College Station  |c Sterling C. Evans Library  |d Evans: Library Stacks  |t 0  |e PR6037.A32 C36 1976  |h Library of Congress classification  |i unmediated -- volume  |m A14812611123 
998 f f |a PR6037.A32 C36 1976  |t 0  |l Evans: Library Stacks